• 首页
  • 本馆介绍
  • 公告通知
  • 最新文献
  • 馆藏检索
  • 电子资源
  • 读者导购
  • 参考咨询
  • 我的图书馆
  • 登录
  • 详细信息显示
  • 放入我的书架
  • 预约/预借图书
  • 作者相关作品
  • 分类相关作品
  • 丛书相关作品
  • 出版社相关作品

书目信息

  • 表格格式
  • 工作单格式
  • 卡片格式
题名:
科学家故事100个
    
 
作者: 叶永烈 编著
分册:  
出版信息: 上海   少年儿童出版社  1982
页数: 265页
开本: 19cm
丛书名:
单 册:
中图分类: I287.51 , I287.5
科图分类:
主题词: 儿童文学-科学故事--中国--现代 , 科学故事-儿童文学--中国--现代 , 儿童文学--中国 , 儿童文学--中国--丛书
电子资源:
ISBN:
000 00785nam0 2200289 45
001 0182002201
005 20040408161052.2
010    @dCNY0.75
091    @aR11024.47
100    @a19950422d1982 demy0chiy0121 ea
101 0  @achi
102    @aCN@b310000
105    @af z 000fd
106    @ar
200 10 @a科学家故事100个@Ake xue jia gu shi100 ge@f叶永烈编著
210    @a上海@c少年儿童出版社@d1982
215    @a265页@c图@d19cm
606    @a儿童文学-科学故事@y中国@z现代
606    @a科学故事-儿童文学@y中国@z现代
606 0  @a儿童文学@x中国
606 0  @a儿童文学@x中国@x丛书
690    @aI287.51@v3
690    @aI287.5
701  0 @a叶永烈@Aye yong lie@4编著
801  0 @aCN@b上海图书馆@c20040408
801  2 @aCN@bNLC@c20040408
905    @f1@b93643@dI287.5@e111
    
    科学家故事100个/叶永烈编著.-上海:少年儿童出版社,1982
    265页:图;19cm
    
    
    ISBN :CNY0.75
    
●
相关链接 在E读中查询图书 在五车中查询图书 在当当中查询图书 在豆瓣中查询图书


正题名:科学家故事100个     索取号:I287.5/111         预约/预借

序号 登录号 条形码 馆藏地/架位号 状态 备注
1 0093642   000893590   第一样本阅览室/ [索取号:I287.5/111] 在馆    
2 0093643   000893643   第二借阅区/ [索取号:I287.5/111] 在馆    
3 0093644   001652777   第二借阅区/ [索取号:I287.5/111] 在馆    
4 0093645   000060864   第二借阅区/ [索取号:I287.5/111] 在馆    
唐山师范学院图书馆 欢迎您!
大连网信软件有限公司© 版权所有